The balance between public and private sector activities in the delivery of livestock services (Бичлэгийн дугаар. 146131)
| 000 -УДИРДЛАГА | |
|---|---|
| Удирдлага | 01069nam a22003137a 4500 |
| 003 - ХЯНАЛТЫН ТОО ТОДОРХОЙЛОГЧ | |
| Код | MN-UlNUM |
| 005 - БИЧИЛТ ХИЙСЭН ОГНОО | |
| Тухайн бичилтийг бичсэн засварласан сүүлийн огноо | 20260108114708.0 |
| 008 - ЕРӨНХИЙ МЭДЭЭЛЭЛ | |
| Ерөнхий мэдээлэл | 260108s1992 dcu|b||| |||| 00| 0 eng | |
| 020 ## - ISBN | |
| ISBN | 0821321196 |
| 040 ## - БИЧЛЭГ ҮҮСГЭГЧ БАЙГУУЛЛАГА | |
| Бичлэг үүсгэгч номын сангийн код | МУИС-ийн номын сан |
| 084 ## - ББК АНГИЛАЛ | |
| Нэмэлт тусгалт | Бусад |
| ББК ангилал | 65.29 |
| Зохиогчийн гурван тэмдэгт | U 44 |
| Мэдлэгийн ялгаа | 65 - Эдийн засаг |
| 100 1# - ЗОХИОГЧ | |
| Зохиогчийн нэр | Umali-Deininger, Dina, |
| Зохиогчийн огноо | 1959- |
| 245 14 - ҮНДСЭН ГАРЧИГ | |
| Номын нэр | The balance between public and private sector activities in the delivery of livestock services |
| Оролцогчдын тухай мэдээ | Dina L. Umali, Gershon Feder, Cornelis de Haan. |
| 260 ## - ГАРАЛТЫН МЭДЭЭ | |
| Хэвлэгдсэн газар | Washington, D.C. : |
| Хэвлэлийн газар | World Bank, |
| Хэвлэгдсэн он | 1992. |
| 300 ## - МАТЕРИАЛЫН ТОДОРХОЙЛОЛТ | |
| хуудасны тоо | xvi, 114 p. ; |
| Хэмжээ | 28 cm. |
| 500 ## - Тайлбар | |
| Дансны дугаар | БС 4886 |
| 546 ## - ХЭЛНИЙ ТУХАЙ МЭДЭЭ | |
| Хэл | Англи хэл дээр, |
| 653 ## - Түлхүүр үг | |
| Түлхүүр үг | livestock |
| 653 ## - Түлхүүр үг | |
| Түлхүүр үг | services for |
| 700 1# - ХАМ ЗОХИОГЧИД | |
| Ба бус | Feder, Gershon, |
| Dates associated with a name | 1947 |
| 700 1# - ХАМ ЗОХИОГЧИД | |
| Ба бус | Haan, Cees de, |
| Dates associated with a name | 1940- |
| 740 ## - НОМЫН ГАРЧИГ | |
| Гарчиг | Overview of the Livestock Services Sector |
| 740 ## - НОМЫН ГАРЧИГ | |
| Гарчиг | Economic Issues in the Delivery of Livestock |
| 740 ## - НОМЫН ГАРЧИГ | |
| Гарчиг | The Structure of the Livestock Services Sector |
| 740 ## - НОМЫН ГАРЧИГ | |
| Гарчиг | Conclusions and Policy Implications |
| 942 ## - ЭЛЕМЕНТИЙН ТӨРӨЛ | |
| Зүйлийн төрөл | Ном |
